|
|
|
|
| LEADER |
00731nab a2200205 i 4500 |
| 001 |
acta63783 |
| 005 |
20251125105353.0 |
| 008 |
191205s2003 hu o 000 hun d |
| 040 |
|
|
|a SZTE Egyetemi Kiadványok Repozitórium
|b hun
|
| 041 |
|
|
|a hun
|
| 100 |
1 |
|
|a Blutman László
|
| 245 |
1 |
0 |
|a Bírói jogértelmezés
|h [elektronikus dokumentum] :
|b az Európai Bíróság /
|c Blutman László
|
| 260 |
|
|
|c 2003
|
| 300 |
|
|
|a 6-27
|
| 490 |
0 |
|
|a Kontroll : jogtudományi folyóirat
|v 1 No. 1
|
| 650 |
|
4 |
|a Társadalomtudományok
|
| 650 |
|
4 |
|a Jogtudomány
|
| 695 |
|
|
|a Európai Unió - jogi szabályozás, Európajog
|
| 700 |
0 |
1 |
|a Gubányi Eszter
|
| 856 |
4 |
0 |
|u http://acta.bibl.u-szeged.hu/63783/1/kontroll_2003_001_006-027.pdf
|z Dokumentum-elérés
|